000 00335nam a2200145Ia 4500
100 _aNarang
650 _aDraughtsman
942 _cBK
654 _aDraughtsman mechanical solved papers
245 _aDraughtsman mechanical Solved Papers
260 _bNew Heights
_aNew Delhi
300 _a105
546 _aENGLISH
999 _c31298
_d31298